Operación y control de las variables críticas del sistema de tratamiento de aguas de proceso en una fábrica de jugos

Uloženo v:
Podrobná bibliografie
Hlavní autor: Trejos Quesada, Juan Carlos
Médium: Kniha
Jazyk:Spanish
Vydáno: San Pedro, [Montes de Oca, San José, Costa Rica] 2014
Témata:
Tagy: Přidat tag
Žádné tagy, Buďte první, kdo vytvoří štítek k tomuto záznamu!

MARC

LEADER 00000nam a22000007a 4500
003 011972
005 20221231143858.0
008 150306b2014 cr a|||| |||| 00| 0 spa d
040 |c cru CEDI 
090 |a TFG 7138 
100 |9 336  |a Trejos Quesada, Juan Carlos  
245 |a  Operación y control de las variables críticas del sistema de tratamiento de aguas de proceso en una fábrica de jugos 
260 |a San Pedro, [Montes de Oca, San José, Costa Rica]  |c  2014 
500 |a Práctica dirigida (licenciatura en ingeniería química)--Universidad de Costa Rica. Facultad de Ingeniería. Escuela de Ingeniería Química 
650 |x TRATAMIENTO DEL AGUA  |x TRATAMIENTO DEL AGUA - EQUIPO Y ACCESORIOS   |x JUGOS DE FRUTAS - INDUSTRIA Y COMERCIO  |x  ANALISIS DEL AGUA  |x CALIDAD DEL AGUA - MEDICIONES  |x  PROCESOS QUIMICOS   |x  PURIFICACION DEL AGUA   |9 337 
942 |c TFG 
999 |c 13643  |d 13643